Εν παρενθέσει... : ποιήματα
Αποθηκεύτηκε σε:
| Κύριος συγγραφέας: | |
|---|---|
| Μορφή: | Βιβλίο |
| Γλώσσα: | Greek |
| Δημοσίευση: |
Λευκωσία :
Αρμίδα,
1997
|
| Θέματα: | |
| Ετικέτες: |
Προσθήκη ετικέτας
Δεν υπάρχουν, Καταχωρήστε ετικέτα πρώτοι!
|
MARC
| LEADER | 00000cam a2200000 i 4500 | ||
|---|---|---|---|
| 001 | 1/15830 | ||
| 008 | 111018s1997 gre d | ||
| 020 | |a 9963-583-09-1 | ||
| 035 | |l 10111137 | ||
| 040 | |a GR-MY-UA |b gre |e aacr | ||
| 041 | 0 | |a gre | |
| 082 | 0 | |a 889.1 |2 (22) | |
| 100 | 1 | |a Ιωαννίδης, Πάνος, |d 1935- | |
| 245 | 1 | 0 | |a Εν παρενθέσει... : |b ποιήματα / |c Πάνος Ιωαννίδης |
| 260 | |a Λευκωσία : |b Αρμίδα, |c 1997 | ||
| 300 | |a 63 σ.; |c 21 εκ. | ||
| 650 | 0 | 0 | |a Greek poetry. |
| 650 | 0 | 0 | |a Greek poetry |z Cyprus. |
| 852 | |a INST |b RHODES |e 20111018 |h 889.1 ΙΩΑ |p 005400033753 |q 005400033753 |t BK |y 0 | ||
| 901 | |a BIBL4-2011-3 | ||
| 909 | |a Ρ |b 170379 | ||
| 970 | |z 2011/10/18 | ||